Pays qui sont aussi des îles - Statistiques

Statistiques générales
  • Ce quiz a été pris 347 fois
    309 depuis la dernière actualisation
  • Le résultat moyen est 31 sur 48
Statistiques - réponses
Pays Km2 Pays % Correct
7,741,220 Australie
95%
110,860 Cuba
88%
377,915 Japon
86%
587,041 Madagascar
86%
267,710 Nouvelle-Zélande
86%
1,904,569 Indonésie
84%
452 Seychelles
77%
27,750 Haïti
76%
103,000 Islande
76%
316 Malte
76%
65,610 Sri Lanka
75%
9,251 Chypre
74%
18,272 Fidji
73%
4,033 Cap-Vert
72%
36,191 Taïwan
72%
70,273 Irlande
71%
243,610 Royaume-Uni
71%
2,040 Maurice
69%
300,00 Philippines
69%
48,670 République Dominicaine
69%
2,842 Samoa
69%
2,236 Comores
68%
10,991 Jamaïque
68%
300 Maldives
68%
539 Sainte-Lucie
68%
430 Barbade
67%
751 Dominique
65%
21 Nauru
65%
747 Tonga
65%
13,943 Bahamas
63%
702 Micronésie
63%
26 Tuvalu
63%
12,189 Vanuatu
63%
28,896 Salomon
62%
459 Palaos
58%
344 Grenade
57%
726 Kiribati
57%
462,840 Papouasie-Nouvelle-Guinée
51%
181 Îles Marshall
47%
329,847 Malaisie
47%
5,130 Trinité-et-Tobago
46%
964 Sao Tomé-et-Principe
44%
710 Singapour
42%
442 Antigua-et-Barbuda
41%
389 Saint-Vincent-et-les-Grenadines
41%
261 Saint-Christophe-et-Niévès
39%
14,874 Timor-oriental
30%
758 Bahreïn
29%
Aucun quiz correspondant
Distribution des résultats
% des personnes avec chaque résultat
Percentile par nombre de réponses
Votre historique - résultats
Vous n’avez pas pris ce quiz depuis la dernière actualisation